000 00656nam a2200169 a 4500
001 000016443
005 20200929164921.0
008 100305s1936 dr 000 0 spa d
040 _aDO-SdBNP
_bspa
_cBNPHU
082 _axxx
_bP712e
110 1 _aRepública Dominicana.
_bSecretaría de Estado de Educación Pública y Bellas Artes
_936650
245 1 0 _aPlanes de estudios y programas para la enseñanza primaria elemental y primaria superior.
260 _aCiudad Trujillo, República Dominicana :
_bLa Nación,
_c1936.
300 _a142 p. ;
_c24 cm.
500 _aAprobados por el consejo nacional de educación el 12 de octubre de 1936
049 _aBNPD
999 _c15978
_d15978